Die 100 beliebtesten Hundenamen in Deutschland - Statistiken

Allgemein
  • Dieses Quiz wurde 232 mal gespielt
  • Das Durchschnittsergebnis liegt bei 13 aus 100
Antwortstatistiken
Hint Antwort % Korrekt
4 Bella
44%
50 Ben
44%
1 Luna
44%
25 Max
40%
13 Leo
36%
46 Tom
34%
24 Lilly
33%
39 Paul
32%
3 Emma
27%
2 Nala
27%
8 Balu
24%
38 Jack
24%
23 Lucky
24%
7 Bruno
23%
35 Charlie
22%
22 Charly
22%
11 Sam
21%
37 Elli
20%
34 Mia
20%
58 Simba
20%
68 Emmi
19%
20 Milo
18%
9 Lotte
16%
15 Lucy
16%
6 Amy
15%
42 Maja
15%
19 Paula
15%
27 Rocky
15%
79 Willi
15%
12 Kira
14%
17 Mila
14%
16 Oskar
14%
14 Sammy
14%
69 Bobby
13%
5 Buddy
13%
18 Ella
13%
91 Finn
13%
48 Rudi
13%
21 Anton
12%
66 Cookie
12%
63 Emil
12%
88 Spike
12%
74 Teddy
12%
76 Benny
11%
33 Kalle
11%
56 Lola
11%
96 Luke
11%
72 Molly
11%
47 Theo
11%
81 Carlo
10%
31 Lotta
10%
52 Lotti
10%
94 Mogli
10%
93 Sally
10%
49 Frida
9%
29 Henry
9%
57 Bonnie
8%
100 Bonny
8%
44 Coco
8%
55 Leni
8%
30 Sunny
8%
40 Balou
7%
41 Fiete
7%
10 Frieda
7%
51 Holly
7%
64 Nelly
7%
45 Abby
6%
32 Bailey
6%
71 Hugo
6%
99 Laika
6%
75 Lenny
6%
62 Mailo
6%
84 Polly
6%
67 Ruby
6%
54 Sky
6%
83 Stella
6%
97 Blue
5%
26 Cooper
5%
87 Eddie
5%
65 Eddy
5%
82 Jule
5%
28 Loki
5%
36 Maya
5%
61 Nero
5%
59 Pepe
5%
53 Ronja
5%
43 Wilma
5%
77 Alma
4%
86 Carlos
4%
90 Merlin
4%
80 Mira
4%
60 Odin
4%
98 Barney
3%
89 Benji
3%
73 Filou
3%
92 Marley
3%
78 Milow
3%
85 Monty
2%
95 Murphy
2%
70 Pepper
2%
Keine übereinstimmenden Quizze gefunden
Verteilung der Resultate
Anzahl Personen mit jedem Resultat
Perzentil nach korrekt beantworteten Fragen
Ihre Resultats-Entwicklung
Sie haben dieses Quiz noch nicht gespielt